[Event "Barcelona Ciutat op-B"]
[Site "Barcelona"]
[Date "2021.08.18"]
[Round "1"]
[White "Cardenas, Fernando Adrian"]
[Black "Moya Sarda, Amadeu"]
[Result "0-1"]
[WhiteElo "1936"]
[BlackElo "1540"]
[PlyCount "42"]
[EventDate "2021.08.18"]
[EventType "swiss"]
[EventRounds "9"]
[EventCountry "ESP"]
[SourceTitle "EXT 2022"]
[Source "ChessBase"]
[SourceDate "2021.10.06"]
[SourceVersion "1"]
[SourceVersionDate "2021.10.06"]
[SourceQuality "1"]

1. Nf3 d5 2. d4 Nf6 3. c4 c6 4. e3 Bf5 5. Nc3 e6 6. Nh4 Be4 7. Nxe4 Nxe4 8. Nf3 Bd6 9. Bd3 f5 10. 0-0 Nd7 11. b3 0-0 12. Bb2 Qf6 13. Qc2 g5 14. Ne1 Qh6 15. g3 g4 16. Qe2 Ndf6 17. f3 gxf3 18. Nxf3 Ng4 19. Rae1 Bxg3 20. hxg3 Nxg3 21. Qd2 Qh1# 0-1

[Event "Barcelona Tres Peons op 49th"]
[Site "Barcelona"]
[Date "2020.02.21"]
[Round "7"]
[White "Cardenas, Fernando Adrian"]
[Black "Peiron Lluch, Jose Daniel"]
[Result "1-0"]
[WhiteElo "1976"]
[BlackElo "1794"]
[PlyCount "79"]
[EventDate "2020.01.10"]
[EventType "swiss"]
[EventRounds "8"]
[EventCountry "ESP"]
[SourceTitle "CBM 195 Extra"]
[Source "ChessBase"]
[SourceDate "2020.05.31"]
[SourceVersion "1"]
[SourceVersionDate "2020.05.31"]
[SourceQuality "1"]

1. Nf3 f5 2. d3 Nf6 3. e4 d6 4. e5 dxe5 5. Nxe5 Nc6 6. Nxc6 bxc6 7. g3 e5 8. Qe2 Bd6 9. Bg2 Bd7 10. Nd2 Rb8 11. 0-0 0-0 12. Nc4 Re8 13. Be3 c5 14. Rad1 Qc8 15. Bg5 Qd8 16. b3 h6 17. Bc1 Qe7 18. Bb2 Bb5 19. Na5 e4 20. c4 Bd7 21. Bxf6 Qxf6 22. dxe4 fxe4 23. Bxe4 Bh3 24. Rfe1 Bd7 25. Qd3 Rf8 26. f3 Qg5 27. Qd5+ Kh8 28. Qxg5 hxg5 29. Rd5 Be8 30. Rxg5 Be7 31. Rf5 Bf6 32. Kg2 Rd8 33. Re2 Rd1 34. Nc6 Rd6 35. Rxc5 Re6 36. b4 Be7 37. Nxe7 Rxe7 38. Rd2 Bf7 39. Rc6 Rb8 40. b5 1-0

[Event "Barcelona Tres Peons op 49th"]
[Site "Barcelona"]
[Date "2020.01.17"]
[Round "2"]
[White "Cardenas, Fernando Adrian"]
[Black "Galceran Porqueras, Joan"]
[Result "1-0"]
[WhiteElo "1976"]
[BlackElo "1758"]
[PlyCount "81"]
[EventDate "2020.01.10"]
[EventType "swiss"]
[EventRounds "8"]
[EventCountry "ESP"]
[SourceTitle "CBM 195 Extra"]
[Source "ChessBase"]
[SourceDate "2020.05.31"]
[SourceVersion "1"]
[SourceVersionDate "2020.05.31"]
[SourceQuality "1"]

1. Nf3 Nf6 2. d4 d5 3. c4 e6 4. g3 c6 5. Bg2 Be7 6. 0-0 0-0 7. Nbd2 Nbd7 8. Qc2 Re8 9. Rd1 Nf8 10. e4 dxe4 11. Nxe4 Bd7 12. Bf4 Ng6 13. Be5 Nxe4 14. Qxe4 f6 15. Bf4 Nxf4 16. Qxf4 Rc8 17. c5 Qc7 18. Qxc7 Rxc7 19. b4 Rd8 20. Bf1 Be8 21. Bc4 Kf7 22. a4 Bf8 23. Re1 Bd7 24. b5 Re8 25. Re2 Rcc8 26. b6 a5 27. Nd2 g6 28. Nb3 Ra8 29. Rae1 Bg7 30. Nd2 Rad8 31. f4 f5 32. Nf3 Bf6 33. Kf2 Bc8 34. Rd2 h6 35. h3 h5 36. Rg1 Re7 37. g4 Red7 38. Ke3 Rh8 39. gxf5 gxf5 40. Ng5+ Ke7 41. Nxe6 1-0

[Event "Barcelona Vila de Gracia op 23rd"]
[Site "Barcelona"]
[Date "2019.12.20"]
[Round "9"]
[White "Cabello Llopis, Joan Emili"]
[Black "Cardenas, Fernando Adrian"]
[Result "0-1"]
[WhiteElo "1854"]
[BlackElo "1934"]
[PlyCount "46"]
[EventDate "2019.10.11"]
[EventType "swiss"]
[EventRounds "9"]
[EventCountry "ESP"]
[SourceTitle "CBM 194 Extra"]
[Source "ChessBase"]
[SourceDate "2020.03.31"]
[SourceVersion "1"]
[SourceVersionDate "2020.03.31"]
[SourceQuality "1"]

1. e4 c5 2. Nf3 Nc6 3. g3 g6 4. Bg2 Bg7 5. 0-0 e6 6. d3 Nge7 7. c3 0-0 8. Re1 d6 9. Bg5 h6 10. Be3 Rb8 11. Qc1 Kh7 12. Nh4 b5 13. f4 Qc7 14. a3 a5 15. Nd2 b4 16. cxb4 axb4 17. Rb1 Ba6 18. Bf1 Nd4 19. Nhf3 Nec6 20. Bf2 bxa3 21. bxa3 Rxb1 22. Qxb1 Rb8 23. Qa2 Rb2 0-1

[Event "Barcelona Vila de Gracia op 23rd"]
[Site "Barcelona"]
[Date "2019.12.13"]
[Round "8"]
[White "Cardenas, Fernando Adrian"]
[Black "Fernandez Goyanes, Francesc X"]
[Result "0-1"]
[WhiteElo "1934"]
[BlackElo "2130"]
[PlyCount "88"]
[EventDate "2019.10.11"]
[EventType "swiss"]
[EventRounds "9"]
[EventCountry "ESP"]
[SourceTitle "CBM 194 Extra"]
[Source "ChessBase"]
[SourceDate "2020.03.31"]
[SourceVersion "1"]
[SourceVersionDate "2020.03.31"]
[SourceQuality "1"]

1. Nf3 Nf6 2. d4 g6 3. c4 Bg7 4. Nc3 d6 5. e4 0-0 6. Be2 Na6 7. 0-0 e5 8. Bg5 h6 9. Bh4 Qe8 10. dxe5 dxe5 11. Qd2 Kh7 12. Rab1 Bg4 13. Ne1 Be6 14. b4 c6 15. Nc2 Nd7 16. c5 Nc7 17. Ne3 b5 18. Qd6 Qc8 19. Rfd1 Ne8 20. Qd2 Nef6 21. Bg3 Re8 22. f3 Nh5 23. Bh4 Nf4 24. Bf1 a5 25. a3 axb4 26. axb4 Ra3 27. Nc2 Ra8 28. Nxb5 cxb5 29. Bxb5 g5 30. c6 Nb6 31. Bf2 Nc4 32. Bxc4 Bxc4 33. b5 Rb8 34. Na3 Bd3 35. Rb3 Rd8 36. Ba7 Bf8 37. g3 Ra8 38. gxf4 Rxa7 39. Rxd3 Rxd3 40. Qxd3 Bxa3 41. fxe5 Qh3 42. Kh1 Bc5 43. Qb3 Kg6 44. Qd3 Ra2 0-1

[Event "Barcelona Vila de Gracia op 23rd"]
[Site "Barcelona"]
[Date "2019.11.22"]
[Round "6"]
[White "Cardenas, Fernando Adrian"]
[Black "Capellades Subirana, Marc"]
[Result "0-1"]
[WhiteElo "1934"]
[BlackElo "2149"]
[PlyCount "66"]
[EventDate "2019.10.11"]
[EventType "swiss"]
[EventRounds "9"]
[EventCountry "ESP"]
[SourceTitle "CBM 194 Extra"]
[Source "ChessBase"]
[SourceDate "2020.03.31"]
[SourceVersion "1"]
[SourceVersionDate "2020.03.31"]
[SourceQuality "1"]

1. e4 e5 2. Nf3 Nc6 3. Bc4 Bc5 4. c3 Nf6 5. d3 a6 6. Bb3 d6 7. Nbd2 Ba7 8. Nf1 d5 9. exd5 Nxd5 10. Ng3 Bg4 11. h3 Be6 12. Ng5 0-0 13. Qh5 Nf6 14. Nxe6 Qxd3 15. Qe2 Qxe2+ 16. Kxe2 fxe6 17. Bxe6+ Kh8 18. Be3 Bxe3 19. fxe3 Rae8 20. Bb3 Na5 21. Bc2 Nd5 22. Ne4 Nc4 23. Nc5 Nxb2 24. Bb3 Nxc3+ 25. Kd2 Nb5 26. Rhf1 b6 27. Ne6 Rf6 28. Kc2 Na4 29. Ng5 Na3+ 30. Kd2 Nc5 31. Nf7+ Kg8 32. Nxe5+ Nxb3+ 33. axb3 Rxf1 0-1

[Event "Barcelona 150 aniversity 4"]
[Site "Barcelona"]
[Date "2019.06.21"]
[Round "9.2"]
[White "Gonzalez Camps, Lluis"]
[Black "Cardenas, Fernando Adrian"]
[Result "1-0"]
[WhiteElo "2103"]
[BlackElo "2004"]
[PlyCount "61"]
[EventDate "2019.04.26"]
[EventType "swiss"]
[EventRounds "9"]
[EventCountry "ESP"]
[SourceTitle "EXT 2024"]
[Source "ChessBase"]
[SourceDate "2023.10.10"]
[SourceVersion "1"]
[SourceVersionDate "2023.10.10"]
[SourceQuality "1"]

1. e4 c5 2. Ne2 Nc6 3. c4 Nf6 4. Nbc3 e6 5. d4 cxd4 6. Nxd4 Bb4 7. Nxc6 bxc6 8. e5 Ne4 9. Qd4 Qa5 10. Bd2 Nxd2 11. Kxd2 0-0 12. Bd3 d5 13. a3 Bxc3+ 14. Qxc3 Qd8 15. h4 f6 16. f3 Rb8 17. b4 a5 18. exf6 gxf6 19. Kc2 axb4 20. axb4 Rf7 21. Qd2 Qf8 22. Rhb1 Rfb7 23. c5 e5 24. g4 Be6 25. Ra6 d4 26. Rxc6 Bd5 27. Rd6 Bxf3 28. Qf2 Bxg4 29. Rxf6 Qxc5+ 30. bxc5 Rxb1 31. Bc4+ 1-0

[Event "Barcelona 150 aniversity 4"]
[Site "Barcelona"]
[Date "2019.05.10"]
[Round "3.3"]
[White "Cardenas, Fernando Adrian"]
[Black "Solsona Olive, Xavier"]
[Result "1-0"]
[WhiteElo "2004"]
[BlackElo "1842"]
[PlyCount "55"]
[EventDate "2019.04.26"]
[EventType "swiss"]
[EventRounds "9"]
[EventCountry "ESP"]
[SourceTitle "EXT 2024"]
[Source "ChessBase"]
[SourceDate "2023.10.10"]
[SourceVersion "1"]
[SourceVersionDate "2023.10.10"]
[SourceQuality "1"]

1. Nf3 d5 2. d4 g6 3. c4 c6 4. e3 Bg7 5. Nc3 Nf6 6. Bd3 0-0 7. 0-0 Nbd7 8. cxd5 cxd5 9. Qb3 e6 10. Bd2 a6 11. Rfc1 Re8 12. a4 e5 13. dxe5 Nxe5 14. Nxe5 Rxe5 15. Ne2 Ne4 16. Be1 b6 17. Nd4 Rh5 18. Be2 Rh6 19. Nc6 Qh4 20. Bf3 Qxh2+ 21. Kf1 Qd6 22. Qxd5 Rh1+ 23. Ke2 Qxd5 24. Ne7+ Kh8 25. Nxd5 Bf5 26. g4 Rd8 27. gxf5 gxf5 28. Bxh1 1-0

[Event "Barcelona Tres Peons-A 21th"]
[Site "Barcelona"]
[Date "2019.02.13"]
[Round "6.9"]
[White "Serrano Pertinez, Miquel"]
[Black "Cardenas, Fernando Adrian"]
[Result "0-1"]
[WhiteElo "2058"]
[BlackElo "1939"]
[PlyCount "54"]
[EventDate "2019.01.09"]
[EventType "swiss"]
[EventRounds "9"]
[EventCountry "ESP"]
[SourceTitle "EXT 2024"]
[Source "ChessBase"]
[SourceDate "2023.10.10"]
[SourceVersion "1"]
[SourceVersionDate "2023.10.10"]
[SourceQuality "1"]

1. b3 Nf6 2. Bb2 g6 3. Bxf6 exf6 4. c4 d5 5. cxd5 Qxd5 6. e3 c6 7. Nf3 Bg7 8. Nc3 Qa5 9. a3 0-0 10. b4 Qd8 11. Bc4 Nd7 12. d4 f5 13. Rc1 Qe7 14. 0-0 Nb6 15. Nd2 a5 16. Qb3 axb4 17. Qxb4 Qxb4 18. axb4 f4 19. b5 fxe3 20. fxe3 Ra3 21. bxc6 bxc6 22. Bb3 Bh6 23. Rf3 Nd5 24. Nxd5 cxd5 25. Kf2 Be6 26. Rc5 Rb8 27. Bc2 Rb2 0-1

[Event "Barcelona Tres Peons 48th"]
[Site "Barcelona"]
[Date "2019.01.25"]
[Round "3.4"]
[White "Orriols Codina, Joan"]
[Black "Cardenas, Fernando Adrian"]
[Result "0-1"]
[WhiteElo "1611"]
[BlackElo "1939"]
[PlyCount "46"]
[EventDate "2019.01.11"]
[EventType "swiss"]
[EventRounds "8"]
[EventCountry "ESP"]
[SourceTitle "EXT 2024"]
[Source "ChessBase"]
[SourceDate "2023.10.10"]
[SourceVersion "1"]
[SourceVersionDate "2023.10.10"]
[SourceQuality "1"]

1. e4 c5 2. Nf3 Nc6 3. d4 cxd4 4. Nxd4 Nf6 5. Nc3 e5 6. Ndb5 d6 7. Bg5 a6 8. Na3 b5 9. Nd5 Be7 10. Nxf6+ Bxf6 11. Bxf6 Qxf6 12. c4 b4 13. Nc2 Qg6 14. Qd3 0-0 15. a3 b3 16. Ne3 Nd4 17. f4 Bb7 18. f5 Qg5 19. 0-0-0 Qf4 20. g3 Qxe4 21. Qxe4 Bxe4 22. Bg2 Bxg2 23. Nxg2 Nxf5 0-1

[Event "Barcelona Tres Peons-A 47th"]
[Site "Barcelona"]
[Date "2018.06.15"]
[Round "8"]
[White "Cardenas, Fernando Adrian"]
[Black "Solsona Olive, Xavier"]
[Result "1-0"]
[WhiteElo "1984"]
[BlackElo "1814"]
[PlyCount "65"]
[EventDate "2018.04.27"]
[EventType "tourn"]
[EventRounds "9"]
[EventCountry "ESP"]
[SourceTitle "EXT 2024"]
[Source "ChessBase"]
[SourceDate "2023.10.10"]
[SourceVersion "1"]
[SourceVersionDate "2023.10.10"]
[SourceQuality "1"]

1. Nf3 d5 2. d4 g6 3. c4 c6 4. e3 Bg7 5. Nc3 Nf6 6. Qb3 0-0 7. Bd3 Qb6 8. Qxb6 axb6 9. cxd5 cxd5 10. 0-0 Nc6 11. Bd2 Bg4 12. Rfc1 Nb4 13. Ne5 Nxd3 14. Nxd3 Bf5 15. Nb4 Rfd8 16. f3 h5 17. Nb5 Rac8 18. Rc7 Bd7 19. Rac1 Rxc7 20. Nxc7 e6 21. Nd3 Rc8 22. Ne5 Bf8 23. e4 dxe4 24. Bg5 Bc6 25. Nxe6 fxe6 26. Bxf6 exf3 27. gxf3 Bh6 28. Rc2 Be3+ 29. Kg2 Bxd4 30. Nxc6 bxc6 31. Bxd4 c5 32. Be3 Kf7 33. b4 1-0

[Event "Barcelona Tres Peons-A 47th"]
[Site "Barcelona"]
[Date "2018.04.27"]
[Round "1"]
[White "Cardenas, Fernando Adrian"]
[Black "Navarro Fornos, Pere Josep"]
[Result "1-0"]
[WhiteElo "1984"]
[BlackElo "1764"]
[PlyCount "63"]
[EventDate "2018.04.27"]
[EventType "tourn"]
[EventRounds "9"]
[EventCountry "ESP"]
[SourceTitle "EXT 2024"]
[Source "ChessBase"]
[SourceDate "2023.10.10"]
[SourceVersion "1"]
[SourceVersionDate "2023.10.10"]
[SourceQuality "1"]

1. Nf3 d5 2. d4 g6 3. c4 Bg7 4. cxd5 Qxd5 5. Nc3 Qd8 6. Bf4 Nf6 7. h3 a6 8. e3 0-0 9. Bd3 b5 10. 0-0 Bb7 11. Rc1 Nc6 12. Qe2 Nb4 13. Bb1 Rc8 14. Rfd1 Nfd5 15. Bg3 Nxc3 16. Rxc3 Nd5 17. Rc5 Nf6 18. Rdc1 c6 19. Ne5 Ne4 20. Bxe4 Bxe5 21. Bxe5 f5 22. Bxc6 Bxc6 23. Rxc6 Rxc6 24. Rxc6 Qd5 25. Rxa6 Rc8 26. Ra5 Qc6 27. Rxb5 Qc1+ 28. Kh2 Rc2 29. Rb8+ Kf7 30. Qb5 g5 31. Qe8+ Ke6 32. Qg8+ 1-0

[Event "Sabadell op-B 9th"]
[Site "Sabadell"]
[Date "2016.09.06"]
[Round "6"]
[White "Cardenas, Fernando Adrian"]
[Black "Oset Teixidor, Guerau"]
[Result "0-1"]
[WhiteElo "1962"]
[BlackElo "1968"]
[PlyCount "58"]
[EventDate "2016.09.01"]
[EventType "swiss"]
[EventRounds "9"]
[EventCountry "ESP"]
[SourceTitle "CBM 174 Extra"]
[Source "ChessBase"]
[SourceDate "2016.10.10"]
[SourceVersion "1"]
[SourceVersionDate "2016.10.10"]
[SourceQuality "1"]

1. Nf3 Nf6 2. d4 c5 3. d5 e6 4. c4 g6 5. Nc3 exd5 6. cxd5 Bg7 7. g3 0-0 8. Bg2 Re8 9. Nd2 Na6 10. 0-0 d6 11. Nc4 Nc7 12. Bf4 Bf8 13. a4 Nh5 14. Be3 Rb8 15. Qd2 b6 16. h3 Ba6 17. Na3 Bg7 18. Kh2 Qe7 19. Nab5 Rb7 20. Bf3 Bxb5 21. axb5 Qe5 22. Bxh5 Qxh5 23. Ra4 Bxc3 24. bxc3 Nxd5 25. Bg5 Re5 26. Rh4 Qxe2 27. Qxe2 Rxe2 28. Rd1 Rxf2+ 29. Kg1 Rf5 0-1

[Event "Sabadell op-B 9th"]
[Site "Sabadell"]
[Date "2016.09.03"]
[Round "3"]
[White "Rahal, Joe"]
[Black "Cardenas, Fernando Adrian"]
[Result "0-1"]
[WhiteElo "1723"]
[BlackElo "1962"]
[PlyCount "72"]
[EventDate "2016.09.01"]
[EventType "swiss"]
[EventRounds "9"]
[EventCountry "ESP"]
[SourceTitle "CBM 174 Extra"]
[Source "ChessBase"]
[SourceDate "2016.10.10"]
[SourceVersion "1"]
[SourceVersionDate "2016.10.10"]
[SourceQuality "1"]

1. Nf3 d5 2. c4 d4 3. d3 g6 4. e3 c5 5. exd4 cxd4 6. Be2 Bg7 7. 0-0 Nc6 8. Bd2 a5 9. Re1 Nf6 10. Qc1 0-0 11. Bh6 e5 12. Bxg7 Kxg7 13. Bf1 Re8 14. Nbd2 h6 15. g3 Bf5 16. Nh4 Be6 17. Bg2 Qc7 18. b3 Nd7 19. a3 Nc5 20. Qc2 g5 21. Nhf3 Bf5 22. Ne4 Nxe4 23. dxe4 Be6 24. Qd2 a4 25. Nxg5 hxg5 26. Qxg5+ Kf8 27. Qf6 axb3 28. h4 Qd8 29. Qh6+ Ke7 30. Bf1 Rh8 31. Qd2 Qa5 32. Qg5+ f6 33. Qg7+ Bf7 34. Qg4 Rag8 35. Qe2 Bh5 36. Qd3 Qc3 0-1

[Event "Barcelona Sant Marti op-B 18th"]
[Site "Barcelona"]
[Date "2016.07.20"]
[Round "8.5"]
[White "Cardenas, Fernando Adrian"]
[Black "Fernandez Egea, Andres"]
[Result "1-0"]
[WhiteElo "1943"]
[BlackElo "1886"]
[PlyCount "63"]
[EventDate "2016.07.13"]
[EventType "swiss"]
[EventRounds "9"]
[EventCountry "ESP"]
[SourceTitle "EXT 2024"]
[Source "ChessBase"]
[SourceDate "2023.10.10"]
[SourceVersion "1"]
[SourceVersionDate "2023.10.10"]
[SourceQuality "1"]

1. Nf3 Nf6 2. d4 g6 3. g3 Bg7 4. Bg2 d6 5. 0-0 0-0 6. c4 c6 7. Nc3 a6 8. a4 a5 9. e4 Nfd7 10. Be3 Na6 11. Qe2 Nb4 12. Rad1 Qc7 13. Nh4 e5 14. d5 c5 15. Nb5 Qb8 16. f4 exf4 17. gxf4 f6 18. Bh3 Re8 19. Be6+ Kf8 20. f5 Ne5 21. fxg6 Bxe6 22. dxe6 hxg6 23. Rxd6 b6 24. Bf4 Kg8 25. Bxe5 fxe5 26. Nxg6 Ra7 27. Qg4 Nc2 28. e7 Rexe7 29. Nxe7+ Rxe7 30. Rf3 Nd4 31. Rg3 Nxb5 32. Rg6 1-0

[Event "Barcelona Sant Marti op-B 18th"]
[Site "Barcelona"]
[Date "2016.07.19"]
[Round "7.2"]
[White "Cardenas, Fernando Adrian"]
[Black "Cano Sevila, Ivan"]
[Result "0-1"]
[WhiteElo "1943"]
[BlackElo "1853"]
[PlyCount "92"]
[EventDate "2016.07.13"]
[EventType "swiss"]
[EventRounds "9"]
[EventCountry "ESP"]
[SourceTitle "EXT 2024"]
[Source "ChessBase"]
[SourceDate "2023.10.10"]
[SourceVersion "1"]
[SourceVersionDate "2023.10.10"]
[SourceQuality "1"]

1. Nf3 d5 2. d4 e6 3. c4 c6 4. e3 f5 5. Bd3 Nf6 6. b3 Bd6 7. 0-0 Qe7 8. Bb2 0-0 9. Qc1 Bd7 10. Ba3 Be8 11. Bxd6 Qxd6 12. cxd5 cxd5 13. Qa3 Qxa3 14. Nxa3 a6 15. Rac1 Nc6 16. Ng5 Bd7 17. f3 Rac8 18. Nh3 Nb4 19. Bb1 Rxc1 20. Rxc1 Rc8 21. Rxc8+ Bxc8 22. Nf2 Ne8 23. Nd3 Nxd3 24. Bxd3 Nd6 25. Kf2 Kf7 26. Ke1 Ke7 27. Kd2 Kd7 28. Nb1 Kc7 29. Nc3 Bd7 30. h4 h6 31. a4 g5 32. g3 Be8 33. Ne2 Bh5 34. Ng1 Kb6 35. Kc3 Ka5 36. Bc2 b5 37. b4+ Kb6 38. a5+ Kc6 39. hxg5 hxg5 40. Bd3 g4 41. f4 Nc4 42. Bxc4 dxc4 43. Ne2 Kd5 44. Kd2 Ke4 45. Nc3+ Kf3 46. Nxb5 axb5 0-1

[Event "Barcelona Sant Marti op-B 18th"]
[Site "Barcelona"]
[Date "2016.07.17"]
[Round "5.2"]
[White "Garcia Clemente, Julian Francisco"]
[Black "Cardenas, Fernando Adrian"]
[Result "0-1"]
[WhiteElo "1910"]
[BlackElo "1943"]
[PlyCount "58"]
[EventDate "2016.07.13"]
[EventType "swiss"]
[EventRounds "9"]
[EventCountry "ESP"]
[SourceTitle "EXT 2024"]
[Source "ChessBase"]
[SourceDate "2023.10.10"]
[SourceVersion "1"]
[SourceVersionDate "2023.10.10"]
[SourceQuality "1"]

1. d4 d5 2. c4 c6 3. Nc3 e6 4. e4 dxe4 5. Nxe4 Bb4+ 6. Bd2 Qxd4 7. Bxb4 Qxe4+ 8. Ne2 Nd7 9. Qd6 a5 10. Bc3 Ne7 11. f3 Qe3 12. Qc7 Nc5 13. Bd4 Nd3+ 14. Kd1 Nf2+ 15. Ke1 Nd3+ 16. Kd1 Qg5 17. h4 Qg6 18. Bb6 Bd7 19. Qxb7 Nxb2+ 20. Ke1 Nd3+ 21. Kd2 Rc8 22. h5 Qf5 23. Nd4 Qf4+ 24. Kxd3 e5 25. Ne2 Bf5+ 26. Kc3 Nd5+ 27. Kb3 Qd2 28. Bxa5 Qxa5 29. cxd5 0-0 0-1

[Event "Barcelona Sant Marti op-B 18th"]
[Site "Barcelona"]
[Date "2016.07.16"]
[Round "4.6"]
[White "Cardenas, Fernando Adrian"]
[Black "Valbuena Castro, Gregorio"]
[Result "1-0"]
[WhiteElo "1943"]
[BlackElo "1724"]
[PlyCount "69"]
[EventDate "2016.07.13"]
[EventType "swiss"]
[EventRounds "9"]
[EventCountry "ESP"]
[SourceTitle "EXT 2024"]
[Source "ChessBase"]
[SourceDate "2023.10.10"]
[SourceVersion "1"]
[SourceVersionDate "2023.10.10"]
[SourceQuality "1"]

1. Nf3 Nf6 2. d4 c5 3. d5 d6 4. g3 g6 5. Bg2 Bg7 6. 0-0 0-0 7. c4 a6 8. a4 Bg4 9. h3 Bxf3 10. Bxf3 Nbd7 11. Bg2 Qb6 12. a5 Qc7 13. Qc2 b6 14. axb6 Qxb6 15. Ra3 Rfb8 16. b3 Rb7 17. Bd2 Qc7 18. Ba5 Qc8 19. Nc3 Ne5 20. f4 Ned7 21. Kh2 Rab8 22. Na4 Ne8 23. Nb2 Nb6 24. Nd3 Qf5 25. e4 Qf6 26. e5 Qf5 27. g4 Qc8 28. Bc3 Rc7 29. Be4 dxe5 30. fxe5 f5 31. gxf5 gxf5 32. Bxf5 Qb7 33. Bxh7+ Kh8 34. Nf4 Qc8 35. Ng6+ 1-0

[Event "Barcelona Sant Marti op-B 18th"]
[Site "Barcelona"]
[Date "2016.07.14"]
[Round "2.4"]
[White "Cardenas, Fernando Adrian"]
[Black "Colom Andres, Xavier"]
[Result "1/2-1/2"]
[WhiteElo "1943"]
[BlackElo "1812"]
[PlyCount "86"]
[EventDate "2016.07.13"]
[EventType "swiss"]
[EventRounds "9"]
[EventCountry "ESP"]
[SourceTitle "EXT 2024"]
[Source "ChessBase"]
[SourceDate "2023.10.10"]
[SourceVersion "1"]
[SourceVersionDate "2023.10.10"]
[SourceQuality "1"]

1. d4 d5 2. Nf3 c6 3. e3 Nf6 4. c4 Bf5 5. Nc3 e6 6. Nh4 Bg6 7. Qb3 Qc7 8. Bd2 Nbd7 9. cxd5 exd5 10. Nxg6 hxg6 11. Rc1 Rc8 12. g3 Be7 13. Bg2 Nb6 14. 0-0 0-0 15. Na4 Nc4 16. Bb4 Rfe8 17. Bxe7 Rxe7 18. Qb4 g5 19. Qc3 Nd6 20. Nc5 Nde4 21. Qd3 Nd6 22. Rfe1 Nfe4 23. b3 Rce8 24. f3 Nxc5 25. Rxc5 Nf5 26. e4 b6 27. Rcc1 dxe4 28. fxe4 Qd6 29. Rcd1 c5 30. dxc5 Qxc5+ 31. Kh1 Nh6 32. h3 Qe5 33. Rf1 f6 34. Qd5+ Nf7 35. Kh2 Kf8 36. Qc6 Re6 37. Qb7 Rb8 38. Qxa7 Re7 39. Rd7 Rxd7 40. Qxd7 Rd8 41. Qc6 Qd4 42. Rc1 Ne5 43. Qc2 Qd2 1/2-1/2

[Event "Montcada op-B 24th"]
[Site "Montcada"]
[Date "2016.06.27"]
[Round "3"]
[White "Walter Travella, German"]
[Black "Cardenas, Fernando Adrian"]
[Result "1/2-1/2"]
[WhiteElo "1807"]
[BlackElo "1946"]
[PlyCount "142"]
[EventDate "2016.06.25"]
[EventType "swiss"]
[EventRounds "9"]
[EventCountry "ESP"]
[SourceTitle "EXT 2017"]
[Source "ChessBase"]
[SourceDate "2016.10.25"]
[SourceVersion "1"]
[SourceVersionDate "2016.10.25"]
[SourceQuality "1"]

1. d4 Nf6 2. Nc3 d5 3. Bg5 h6 4. Bxf6 exf6 5. e3 c6 6. Bd3 Bb4 7. Nge2 0-0 8. 0-0 Qe7 9. Ng3 g6 10. e4 Bxc3 11. bxc3 Be6 12. exd5 cxd5 13. Qe2 Nc6 14. Rfe1 Rfe8 15. c4 dxc4 16. Bxc4 Bxc4 17. Qxc4 Qxe1+ 18. Rxe1 Rxe1+ 19. Nf1 Rae8 20. g3 Rd1 21. d5 Ree1 22. dxc6 Rxf1+ 23. Kg2 Rg1+ 24. Kf3 bxc6 25. Qxc6 Kg7 26. c4 Rc1 27. Ke4 Rgd1 28. a4 a5 29. Qb5 Rd2 30. Ke3 Rdc2 31. Kd4 Rd2+ 32. Kc5 Rxf2 33. Kb6 Rxh2 34. Kxa5 Rhc2 35. Kb4 Rb2+ 36. Kc5 Rg2 37. a5 Rxg3 38. a6 Ra3 39. Kb6 h5 40. c5 h4 41. c6 h3 42. Qb2 Rxa6+ 43. Kxa6 Rxc6+ 44. Kb5 Rc8 45. Qh2 Rh8 46. Kc6 g5 47. Kd7 Rh4 48. Kd6 Rd4+ 49. Kc5 Rd3 50. Kc4 Rf3 51. Qe2 g4 52. Kd4 f5 53. Ke5 f6+ 54. Ke6 Kg6 55. Ke7 Rf4 56. Kf8 Re4 57. Qf2 Kg5 58. Kf7 f4 59. Qc2 Re5 60. Qg6+ Kh4 61. Qxf6+ Rg5 62. Qxf4 Kh5 63. Kf6 Rg6+ 64. Kf5 Rg8 65. Qd6 g3 66. Qd1+ Kh6 67. Qd6+ Kh7 68. Qe7+ Rg7 69. Qh4+ Kg8 70. Qd8+ Kh7 71. Qh4+ Kg8 1/2-1/2

[Event "Sant Boi Chalmeta Memorial op 28th"]
[Site "Sant Boi de Llobregat"]
[Date "2016.05.13"]
[Round "4"]
[White "Chalmeta Torredemer, Josep"]
[Black "Cardenas, Fernando Adrian"]
[Result "1-0"]
[WhiteElo "2144"]
[BlackElo "1964"]
[PlyCount "73"]
[EventDate "2016.04.22"]
[EventType "swiss"]
[EventRounds "9"]
[EventCountry "ESP"]
[SourceTitle "EXT 2017"]
[Source "ChessBase"]
[SourceDate "2016.10.25"]
[SourceVersion "1"]
[SourceVersionDate "2016.10.25"]
[SourceQuality "1"]

1. d4 Nf6 2. c4 g6 3. Nc3 Bg7 4. e4 d6 5. f4 0-0 6. Nf3 c5 7. d5 e6 8. dxe6 fxe6 9. Bd3 Nc6 10. 0-0 Qb6 11. Kh1 Nd4 12. Qe1 Nxf3 13. Rxf3 Bd7 14. Qh4 Bc6 15. Rh3 Rf7 16. Rb1 Raf8 17. Be3 Nh5 18. f5 e5 19. g4 Bf6 20. g5 Bd8 21. f6 Re8 22. Be2 Nf4 23. Bxf4 exf4 24. Qxf4 Re5 25. Kg1 a6 26. b3 Qc7 27. Bg4 b5 28. Rd1 b4 29. Nd5 Qb7 30. Rh6 a5 31. h4 Be8 32. h5 Rf8 33. Rd2 a4 34. hxg6 Bxg6 35. Bf5 Bxf5 36. exf5 Rfe8 37. g6 1-0

[Event "Catalunya-chT Gp2 final"]
[Site "Barcelona"]
[Date "2016.04.09"]
[Round "3.3"]
[White "Cardenas, Fernando Adrian"]
[Black "Mitjavila, Badia Josep"]
[Result "0-1"]
[WhiteElo "1964"]
[BlackElo "2094"]
[PlyCount "88"]
[EventDate "2016.03.12"]
[EventType "team-tourn"]
[EventRounds "4"]
[EventCountry "ESP"]
[SourceTitle "EXT 2017"]
[Source "ChessBase"]
[SourceDate "2016.10.25"]
[SourceVersion "1"]
[SourceVersionDate "2016.10.25"]
[SourceQuality "1"]
[WhiteTeam "Barcelona Unio Graciencia"]
[BlackTeam "Sant Boi"]
[WhiteTeamCountry "ESP"]
[BlackTeamCountry "ESP"]

1. Nf3 g6 2. d4 Bg7 3. c4 Nf6 4. g3 c5 5. d5 d6 6. Bg2 0-0 7. Nc3 Na6 8. 0-0 Nc7 9. Re1 a6 10. a4 b6 11. e4 Rb8 12. e5 Nfe8 13. Bg5 dxe5 14. Qd2 f6 15. Bh6 Nd6 16. Bf1 Nce8 17. Be3 Nf5 18. a5 Nd4 19. Bxd4 cxd4 20. Na4 bxa5 21. Nc5 Nd6 22. b3 Rb4 23. Qa2 Nb7 24. Nxa6 Rb6 25. c5 Rxa6 26. Bxa6 Nxc5 27. Bxc8 Qxc8 28. Rac1 Qg4 29. Nxe5 fxe5 30. Rxc5 e4 31. b4 Kh8 32. Rc4 axb4 33. Rxb4 Qf3 34. Qe2 Qa3 35. Rb7 e3 36. fxe3 dxe3 37. Rf1 Bf6 38. d6 Qxd6 39. Rd1 Qc5 40. Rdd7 Ra8 41. Rdc7 Ra1+ 42. Kg2 Qd5+ 43. Kh3 Ra2 44. Qf1 Qh5# 0-1